000 01197nam a2200313 a 4500
001 ebr10580260
003 CaPaEBR
006 m u
007 cr cn|||||||||
008 120730s2012 enk s 001 0 eng d
010 _z 2012015857
020 _z9781118298701 (pbk.)
020 _z9781118298688 (e-book)
040 _aCaPaEBR
_cCaPaEBR
035 _a(OCoLC)808345233
050 1 4 _aHD9715.A2
_bW45 2012eb
100 1 _aWhitfield, Jeffery.
245 1 0 _aConflicts in construction
_h[electronic resource] :
_bavoiding, managing, resolving /
_cJeffery Whitfield.
250 _a2nd ed.
260 _aChichester, England ;
_aAmes, Iowa :
_bWiley-Blackwell,
_c2012.
300 _avi, 144 p.
500 _aIncludes index.
533 _aElectronic reproduction.
_bPalo Alto, Calif. :
_cebrary,
_d2011.
_nAvailable via World Wide Web.
_nAccess may be limited to ebrary affiliated libraries.
650 0 _aConstruction industry
_xManagement.
650 0 _aConflict management.
655 7 _aElectronic books.
_2local
710 2 _aebrary, Inc.
856 4 0 _uhttp://site.ebrary.com/lib/rucke/Doc?id=10580260
_zAn electronic book accessible through the World Wide Web; click to view
999 _c187396
_d187396